日本の名字(苗字)ランキング100 - Statistics

General Stats
  • This quiz has been taken 37 times
  • The average score is 40 of 100
Answer Stats
Hint Answer % Correct
1位 佐藤
95%
4位 田中
95%
2位 鈴木
91%
6位 渡辺
82%
18位
82%
12位 山田
77%
8位 中村
73%
22位
73%
3位 高橋
68%
5位 伊藤
68%
19位 斎藤
64%
41位 斉藤
64%
9位 小林
59%
11位 吉田
59%
13位 佐々木
59%
15位 松本
59%
17位 木村
59%
81位 村田
59%
7位 山本
55%
32位 岡田
55%
43位 太田
55%
53位 松田
55%
60位 森田
55%
90位 松井
55%
10位 加藤
50%
14位 山口
50%
24位 橋本
50%
34位 藤田
50%
40位 坂本
50%
57位 中山
50%
63位
50%
71位 大野
50%
49位 中野
45%
56位 田村
45%
59位 石田
45%
61位 上田
45%
27位 山下
41%
36位 近藤
41%
38位 遠藤
41%
58位 和田
41%
92位 千葉
41%
16位 井上
36%
20位 清水
36%
26位 石川
36%
30位 小川
36%
31位 前田
36%
48位 藤原
36%
51位 原田
36%
52位 中川
36%
55位 小野
36%
75位 工藤
36%
96位 野村
36%
28位 中島
32%
29位 石井
32%
33位 長谷川
32%
35位 後藤
32%
42位 福田
32%
44位 西村
32%
45位 藤井
32%
62位 内田
32%
65位 酒井
32%
76位 高田
32%
83位 小山
32%
89位 武田
32%
97位 佐野
32%
21位 山崎
27%
23位 池田
27%
25位 阿部
27%
37位 村上
27%
66位 宮崎
27%
68位 高木
27%
70位 宮本
27%
72位 小島
27%
73位 谷口
27%
77位 増田
27%
85位 藤本
27%
94位 木下
27%
95位 久保
27%
98位 松尾
27%
99位 市川
27%
39位 青木
23%
47位 岡本
23%
64位 柴田
23%
78位 丸山
23%
82位 大塚
23%
84位 平野
23%
87位 河野
23%
88位 上野
23%
50位 三浦
18%
67位 横山
18%
79位 杉山
18%
86位 野口
18%
46位 金子
14%
54位 竹内
14%
69位 安藤
14%
74位 今井
14%
80位 新井
14%
91位 岩崎
14%
93位 菅原
14%
100位 杉本
5%
No matching quizzes found
Score Distribution
Percent of People with Each Score
Percentile by Number Answered
Your Score History
You have not taken this quiz